00361pab a2200121 454500008004000000100002400040245009800064260000900162300001700171362000800188650001400196773002900210180718b2011 xxu||||| |||| 00| 0 eng d aWright, Jonathan H. aTerm premia and inflation uncertainty: Empirical evidence from an international panel dataset c2011 ap.1514-1534. aJul aInflation aAmerican Economic Review